| 000 | 00566nam a22001937a 4500 | ||
|---|---|---|---|
| 005 | 20170711160743.0 | ||
| 010 | _aENG-119155 | ||
| 020 |
_c795.00 _a9789382524175 |
||
| 035 | _aEN-102687 | ||
| 037 | _bDBAD/PUB | ||
| 082 | _a379 | ||
| 245 |
_aDiscourses on education/ _cedited by Veena kapur |
||
| 260 |
_aNew Delhi _bThe Book Line _c2014 |
||
| 270 |
_a106,4787/23,Ist Floor,Ansari Road _bNew Delhi _e110002 |
||
| 300 |
_avii,108p. : _c22cm(Hb) _bill. |
||
| 500 | _aIncludes references | ||
| 700 | _a kapur,Veena | ||
| 942 |
_2ddc _cEN _h379 _mDIS |
||
| 999 |
_c142440 _d142440 |
||